Countries by Tallest Dam - Statistics

General Stats
  • This quiz has been taken 28 times
  • The average score is 6 of 10
Answer Stats
Dam Height (metres) Country % Correct
Jinping-I Dam 305 China
95%
Tehri Dam 260.5 India
90%
Sayano-Shushenskaya Dam 242 Russia
85%
Mica Dam | Alberto Lleras Dam | Gilgel Gibe III Dam 243 Canada | Colombia | Ethiopia
70%
Chicoasén Dam 261 Mexico
70%
Yusufeli Dam 270 Turkey
65%
Vajont Dam 261.6 Italy
55%
Grande Dixence Dam 285 Switzerland
45%
Enguri Dam 271.5 Georgia
15%
Nurek Dam 300 Tajikistan
10%
No matching quizzes found
Score Distribution
Percent of People with Each Score
Percentile by Number Answered
Your Score History
You have not taken this quiz